000 00312 a2200109 4500
001 ART_5755
005 20260410161617.0
008 260409a
245 1 0 _aLey de Sociedades Comerciales. Comentada y anotada
100 1 _aRoitman, Horacio
773 0 _tEnfoques
_g- NÂș 2 (feb. 2007)
_wREV416
999 _c11222
_d11222